Dorland / (Registro nro. 3274)

Detalles MARC
000 -LEADER
fixed length control field 00757nam a2200181 4500
008 - CAMPO DE CONTROL (LIBRO)
fixed length control field 250704e2003 spa|||f |||| 00| 0 spa d
020 ## - INTERNATIONAL STANDARD BOOK NUMBER
ISBN 8448604695
041 ## - CODIGO DE IDIOMA
Código de idioma del texto/pista de sonido o título separado spa
092 ## - SIGNATURA TOPOGRAFICA DEWEY LOCAL
número de clasificación 610.03
libristica 17
sección DOR
245 ## - TITULO PROPIAMENTE DICHO
Título Dorland /
Subtítulo y Título paralelo Diccionario Enciclopédico Ilustrado de Medicina.
Mención de responsabilidad y remanente de la transcripción de la portada Newman W. Dorland
250 ## - MENCION DE EDICION
Mención de edición 26 ed.
Mención de responsabilidad relacionada con la ed. Traducción Dra Pilar Camps del Saz, Dra. MªJosé Moreno Echanove y Dr. Marcos Peraza Sánchez.
260 ## - PIE DE IMPRENTA
Lugar de publicación, distribución, etc Madrid;
Nombre de la editorial, distribuidor, etc McGraw-Hill Interamericana,
Fecha de publicación 2003.
300 ## - DESCRIPCION FISICA
Extension 873 p.
500 ## - NOTA GENERAL
Nota general Dorland, N. W. et al. (2003). Dorland. Diccionario Enciclopédico Ilustrado de Medicina. (26a ed.). Madrid : McGraw-Hill Interamericana.
590 ## - NOTAS LOCALES (RLIN)
Nota local Donación, Dra María Paula Vitale, julio 2025.
653 ## - TÉRMINO INDIZADO - PALABRAS CLAVES
Palabra clave Diccionario.
942 ## - ADDED ENTRY ELEMENTS (KOHA)
Source of classification or shelving scheme Dewey Decimal Classification
Item type Libros
Existencias
Estado de retiro Existencia Fuente de clasificación Estado general No para prestamo Ubicación permanente ubicación actual Sala de ubicación Fecha de adquisición Fuente de adquisición Total Checkouts Número de clasificación Código de barras Date last seen Número de ejemplar Price effective from Koha tipo de elemento (item) Public note Coded location qualifier
    Dewey Decimal Classification     Biblioteca Medicina Biblioteca Medicina Circulación 04/07/2025 Donación Dra. Maria Paula Vitale.   610.03 17 DOR 5041 04/07/2025 Ej 3 04/07/2025 Libros Donación Dra. Maria Paula Vitale, julio 2025.  

UNIVERSIDAD NACIONAL DEL COMAHUE
Biblioteca de la Facultad de Ciencias Médicas
Sede Toschi: Los Arrayanes y Av. Toschi, Cipolletti  - Rio Negro
Sede Los Tordos:  Yrigoyen al 2211, Cipolletti - Rio Negro 

Teléfono: 0299 - 4774707 int 25
Contacto: biblioteca@facimed.uncoma.edu.ar
© 2011 - 2026